| 000 | 01275nam a22002417a 4500 | ||
|---|---|---|---|
| 999 |
_c13637 _d13637 |
||
| 003 | AR-CdUCM | ||
| 008 | 190416b ||||| |||| 00| 0 spa d | ||
| 040 |
_aMUNICIPALIDAD PROVINCIAL DEL CUSCO _cBIBLIOTECA MUNICIPAL DEL CUSCO |
||
| 082 |
_aTS / 985.62 / _bF83 |
||
| 100 |
_aFrisancho Pineda, Samuel B _932124 |
||
| 245 | _aMonografía del departamento de Puno / | ||
| 260 |
_aPuno : _c1970. |
||
| 300 |
_aTomos ; _bIlustraciones, _c23 cm. |
||
| 500 | _aAntes del titulo: Álbum de oro. | ||
| 505 | _aContenido: t.1: Fundación de Puno -- Geografía del Departamento del Puno -- Biografías. t.2: Grato esfuerzo a favor de Puno -- Esquema de desarrollo científico y tecnológico en el altiplano puneño por Ignacio Frisancho Pineda -- Discurso pronunciado por el diputado por Puno Dr. Mariano H. Cornejo sobre fundación de un convento en Puno ... t.3: La generación del 40 y el porvenir de Puno -- Breve historia de la fundación de Puno, por Vladimiro Bermejo -- Monografía sintética de la provincia de Lampa, por Antonieta Belón de Romero ... | ||
| 650 |
_aPuno _93897 |
||
| 650 |
_aPerú _935 |
||
| 650 |
_aDescripciones y viajes _9497 |
||
| 650 |
_aCondiciones sociales _91132 |
||
| 650 |
_aHistoria _9136 |
||
| 942 |
_2ddc _cTESIS |
||
| 945 |
_acmm _d2015-04-16 |
||